Turn Me Loose lyrics (Loverboy) - Statistics

General Stats
  • This quiz has been taken 5 times
  • The average score is 290 of 343
Answer Stats
Lyrics % Correct
a
100%
do
100%
even
100%
fly
100%
fly,
100%
I
100%
I'm
100%
knees
100%
loose
100%
me
100%
my
100%
no
100%
on
100%
please
100%
to
100%
turn
100%
Turn
100%
way
100%
you
100%
You
100%
all
75%
at
75%
don't
75%
down
75%
gonna
75%
gotta
75%
it
75%
love
75%
Making
75%
Or
75%
So
75%
was
75%
whoever
75%
why
75%
Why
75%
your
75%
born
50%
boy
50%
clown
50%
craziest
50%
ever
50%
here
50%
I've
50%
run
50%
saying
50%
seen
50%
such
50%
tie
50%
wanna
50%
when
50%
And
25%
and
25%
around
25%
bags
25%
came
25%
can
25%
can't
25%
had
25%
have
25%
more
25%
oh
25%
pack
25%
take
25%
The
25%
Tried
25%
tried
25%
Well
25%
Well,
25%
yeah
25%
dream
0%
then
0%
No matching quizzes found
Score Distribution
Percent of People with Each Score
Percentile by Number Answered
Your Score History
You have not taken this quiz